| 000 | 00959nac a22003011i 4500 | ||
|---|---|---|---|
| 003 | EG-ScBUE | ||
| 005 | 20230102115951.0 | ||
| 008 | 230102t1993 enkac f b 001 0 eng d | ||
| 020 | _a1856690075 | ||
| 020 | _a9781856690072 | ||
| 035 | _a(OCoLC)29182570 | ||
| 040 |
_aEG-ScBUE _beng _erda _cEG-ScBUE _dEG-ScBUE |
||
| 082 | 0 | 4 |
_a738.609 _bLEM _222 |
| 100 | 1 |
_aLemmen, Hans van, _eauthor. |
|
| 245 | 1 | 0 |
_aTiles in architecture / _cHans Van Lemmen. |
| 264 | 1 |
_aLondon : _bL. King, _c[1993] |
|
| 264 | 4 | _cc1993 | |
| 300 |
_a236 pages : _billustrations (some color), portraits (some color) ; _c26 cm |
||
| 336 |
_2rdacontent _atext _btxt |
||
| 337 |
_2rdamedia _aunmediated _bn |
||
| 338 |
_2rdacarrier _avolume _bnc |
||
| 504 | _aIncludes bibliographical references and index. | ||
| 650 | 7 |
_aTiles. _2BUEsh |
|
| 650 | 7 |
_aDecoration and ornament, Architectural. _2BUEsh |
|
| 653 | _bART | ||
| 655 | _vReading book | ||
| 942 |
_cBB _k738.609 LEM _2ddc |
||
| 999 |
_c9608 _d9608 |
||